<?xml version="1.0" encoding="UTF-8"?>
<resp>
  <nextPage>https://data.bn.org.pl/api/networks/bibs.marcxml?marc=001+b0000020128229&amp;sinceId=20128230</nextPage>
  <collection>
    <record xmlns='http://www.loc.gov/MARC21/slim'><leader>04730cam a2201117 i 4500</leader><controlfield tag='001'>b0000020128229</controlfield><controlfield tag='005'>20260302084037.4</controlfield><controlfield tag='008'>181108s2018    pl a         |000 0 pol  </controlfield><controlfield tag='009'>9910895710905606</controlfield><datafield ind1=' ' ind2=' ' tag='015'><subfield code='a'>UWD 2019/27063</subfield></datafield><datafield ind1=' ' ind2=' ' tag='020'><subfield code='a'>9788366107069</subfield><subfield code='q'>(oprawa miękka) :</subfield><subfield code='c'>zł 50</subfield></datafield><datafield ind1=' ' ind2=' ' tag='035'><subfield code='a'>(LUBL_M)LUBL_M259233-48omnis_mpl</subfield></datafield><datafield ind1=' ' ind2=' ' tag='035'><subfield code='a'>(PUBLU)vtls000259233</subfield></datafield><datafield ind1=' ' ind2=' ' tag='035'><subfield code='a'>xx004459918</subfield></datafield><datafield ind1=' ' ind2=' ' tag='035'><subfield code='a'>(PL)b0000020128229</subfield></datafield><datafield ind1=' ' ind2=' ' tag='040'><subfield code='a'>LUBL M</subfield><subfield code='c'>LUBL M</subfield><subfield code='d'>KR U</subfield><subfield code='d'>WA N</subfield></datafield><datafield ind1='0' ind2=' ' tag='041'><subfield code='a'>pol</subfield><subfield code='a'>eng</subfield><subfield code='b'>eng</subfield><subfield code='b'>pol</subfield></datafield><datafield ind1=' ' ind2=' ' tag='046'><subfield code='k'>2018</subfield></datafield><datafield ind1=' ' ind2=' ' tag='080'><subfield code='a'>37.013.43:316.7</subfield></datafield><datafield ind1=' ' ind2=' ' tag='084'><subfield code='a'>01</subfield></datafield><datafield ind1='0' ind2='0' tag='245'><subfield code='a'>Horyzonty i perspektywy edukacji równościowej /</subfield><subfield code='c'>redakcja naukowa: Grzegorz Piekarski, Marta Anna Sałapata.</subfield></datafield><datafield ind1=' ' ind2=' ' tag='250'><subfield code='a'>Wydanie pierwsze.</subfield></datafield><datafield ind1=' ' ind2=' ' tag='260'><subfield code='a'>[Gdańsk] :</subfield><subfield code='b'>Wydawnictwo Naukowe Katedra,</subfield><subfield code='c'>[2018].</subfield></datafield><datafield ind1=' ' ind2=' ' tag='300'><subfield code='a'>473 strony :</subfield><subfield code='b'>ilustracje ;</subfield><subfield code='c'>21 cm.</subfield></datafield><datafield ind1=' ' ind2=' ' tag='336'><subfield code='a'>Tekst</subfield><subfield code='b'>txt</subfield><subfield code='2'>rdacontent</subfield></datafield><datafield ind1=' ' ind2=' ' tag='337'><subfield code='a'>Bez urządzenia pośredniczącego</subfield><subfield code='b'>n</subfield><subfield code='2'>rdamedia</subfield></datafield><datafield ind1=' ' ind2=' ' tag='338'><subfield code='a'>Wolumin</subfield><subfield code='b'>nc</subfield><subfield code='2'>rdacarrier</subfield></datafield><datafield ind1=' ' ind2=' ' tag='380'><subfield code='a'>Książki</subfield></datafield><datafield ind1=' ' ind2=' ' tag='380'><subfield code='a'>Publikacje dydaktyczne</subfield></datafield><datafield ind1=' ' ind2=' ' tag='380'><subfield code='a'>Publikacje naukowe</subfield></datafield><datafield ind1=' ' ind2=' ' tag='385'><subfield code='m'>Poziom nauczania</subfield><subfield code='a'>Szkoły wyższe</subfield></datafield><datafield ind1='1' ind2=' ' tag='388'><subfield code='a'>2001-</subfield></datafield><datafield ind1=' ' ind2=' ' tag='500'><subfield code='a'>Rozdziały lub artykuły tej książki skatalogowano pod własnymi tytułami. Dostępne pod tytułem pracy zbiorowej.</subfield></datafield><datafield ind1=' ' ind2=' ' tag='504'><subfield code='a'>Bibliografia, netografia przy pracach.</subfield></datafield><datafield ind1=' ' ind2=' ' tag='536'><subfield code='a'>Finansowanie: Akademia Pomorska (Słupsk)</subfield></datafield><datafield ind1=' ' ind2=' ' tag='546'><subfield code='a'>Część prac w języku angielskim. Streszczenia w języku angielskim i polskim przy pracach. Wstęp także w języku angielskim. Spis treści także w języku angielskim.</subfield></datafield><datafield ind1=' ' ind2='0' tag='650'><subfield code='a'>Discrimination in education</subfield></datafield><datafield ind1=' ' ind2='0' tag='650'><subfield code='a'>Educational equalization</subfield></datafield><datafield ind1=' ' ind2='7' tag='650'><subfield code='a'>Edukacja antydyskryminacyjna</subfield><subfield code='2'>DBN</subfield></datafield><datafield ind1=' ' ind2='7' tag='650'><subfield code='a'>Mowa nienawiści</subfield><subfield code='2'>DBN</subfield></datafield><datafield ind1=' ' ind2='7' tag='650'><subfield code='a'>Stereotyp</subfield><subfield code='2'>DBN</subfield></datafield><datafield ind1=' ' ind2='7' tag='650'><subfield code='a'>Uprzedzenia</subfield><subfield code='2'>DBN</subfield></datafield><datafield ind1=' ' ind2='7' tag='650'><subfield code='a'>Wielokulturowość</subfield><subfield code='2'>DBN</subfield></datafield><datafield ind1=' ' ind2='7' tag='650'><subfield code='a'>Zwalczanie</subfield><subfield code='2'>DBN</subfield></datafield><datafield ind1=' ' ind2='7' tag='655'><subfield code='a'>Materiały pomocnicze</subfield><subfield code='2'>DBN</subfield></datafield><datafield ind1=' ' ind2='7' tag='655'><subfield code='a'>Praca zbiorowa</subfield><subfield code='2'>DBN</subfield></datafield><datafield ind1=' ' ind2=' ' tag='658'><subfield code='a'>Socjologia i społeczeństwo</subfield></datafield><datafield ind1=' ' ind2=' ' tag='658'><subfield code='a'>Edukacja i pedagogika</subfield></datafield><datafield ind1='1' ind2=' ' tag='700'><subfield code='a'>Piekarski, Grzegorz</subfield><subfield code='c'>(pedagog)</subfield><subfield code='e'>Redakcja</subfield></datafield><datafield ind1='1' ind2=' ' tag='700'><subfield code='a'>Sałapata, Marta Anna</subfield><subfield code='e'>Redakcja</subfield></datafield><datafield ind1='2' ind2=' ' tag='710'><subfield code='a'>Wydawnictwo Naukowe Katedra</subfield><subfield code='e'>Wydawca</subfield><subfield code='4'>pbl</subfield></datafield><datafield ind1=' ' ind2=' ' tag='852'><subfield code='8'>22606247260005067</subfield><subfield code='j'>1</subfield><subfield code='h'>1.052.395 I A</subfield><subfield code='b'>BJ</subfield><subfield code='p'>1003155000</subfield><subfield code='c'>BJ_EGZ_A</subfield></datafield><datafield ind1=' ' ind2=' ' tag='852'><subfield code='8'>221051220070008831</subfield><subfield code='j'>1</subfield><subfield code='b'>3800-FLZ</subfield><subfield code='p'>39103032000000</subfield><subfield code='c'>60002</subfield><subfield code='z'> ## rok wyd. : 2018.</subfield></datafield><datafield ind1=' ' ind2=' ' tag='852'><subfield code='8'>22849874150008343</subfield><subfield code='j'>1</subfield><subfield code='b'>BG</subfield><subfield code='p'>1101257791</subfield><subfield code='c'>90007</subfield><subfield code='z'>S.13.10 Horyzonty</subfield></datafield><datafield ind1=' ' ind2=' ' tag='852'><subfield code='8'>22859552170008836</subfield><subfield code='j'>1</subfield><subfield code='b'>WBPL</subfield><subfield code='p'>230000286116</subfield><subfield code='c'>DUZIM_MG</subfield></datafield><datafield ind1=' ' ind2=' ' tag='852'><subfield code='8'>2231027260005069</subfield><subfield code='j'>1</subfield><subfield code='h'>85931 W</subfield><subfield code='b'>LUBL_M</subfield><subfield code='p'>1001008827</subfield><subfield code='c'>30000</subfield><subfield code='z'>oprawa miękka</subfield></datafield><datafield ind1=' ' ind2=' ' tag='852'><subfield code='8'>221051220050008831</subfield><subfield code='j'>1</subfield><subfield code='b'>5100-BUW</subfield><subfield code='p'>1001305566</subfield><subfield code='c'>10000</subfield><subfield code='z'> ## rok wyd. : 2018.</subfield></datafield><datafield ind1=' ' ind2=' ' tag='852'><subfield code='8'>2262961210007663</subfield><subfield code='j'>1</subfield><subfield code='h'>1.022.165</subfield><subfield code='b'>ZNO-SZEW</subfield><subfield code='p'>1000264563</subfield><subfield code='c'>10000</subfield></datafield><datafield ind1=' ' ind2=' ' tag='852'><subfield code='b'>48OMNIS_UOW</subfield><subfield code='8'>991002844239708831</subfield></datafield><datafield ind1=' ' ind2=' ' tag='852'><subfield code='b'>48OMNIS_WBPL</subfield><subfield code='8'>991010237749708836</subfield></datafield><datafield ind1=' ' ind2=' ' tag='852'><subfield code='8'>221051220110008831</subfield><subfield code='j'>1</subfield><subfield code='b'>2300-WPD</subfield><subfield code='p'>1092059730</subfield><subfield code='c'>130000</subfield><subfield code='z'> ## rok wyd. : 2018.</subfield></datafield><datafield ind1=' ' ind2=' ' tag='852'><subfield code='8'>22355121050006926</subfield><subfield code='j'>1</subfield><subfield code='h'>S.19635</subfield><subfield code='b'>HUMTORU</subfield><subfield code='p'>317000318247</subfield><subfield code='c'>SOC_hm</subfield></datafield><datafield ind1=' ' ind2=' ' tag='852'><subfield code='8'>2268755400007411</subfield><subfield code='j'>1</subfield><subfield code='b'>BU</subfield><subfield code='p'>AI24731</subfield><subfield code='c'>DZKZO</subfield><subfield code='z'>K/833/18</subfield></datafield><datafield ind1=' ' ind2=' ' tag='852'><subfield code='8'>22185820650006831</subfield><subfield code='j'>1</subfield><subfield code='h'>705601 II</subfield><subfield code='b'>BuKul</subfield><subfield code='p'>1001207857</subfield><subfield code='c'>BG_Magazyn</subfield></datafield><datafield ind1=' ' ind2=' ' tag='852'><subfield code='8'>22355121070006926</subfield><subfield code='j'>1</subfield><subfield code='h'>Dxed/***/Hor/2019</subfield><subfield code='b'>TORU</subfield><subfield code='p'>300051237041</subfield><subfield code='c'>Psychol_bg</subfield></datafield><datafield ind1=' ' ind2=' ' tag='852'><subfield code='b'>48OMNIS_NETWORK</subfield><subfield code='8'>9910895710905606</subfield></datafield><datafield ind1=' ' ind2=' ' tag='852'><subfield code='b'>48OMNIS_NLOP</subfield><subfield code='8'>991052561909305066</subfield></datafield><datafield ind1=' ' ind2=' ' tag='852'><subfield code='b'>48OMNIS_KUL</subfield><subfield code='8'>991007456029706831</subfield></datafield><datafield ind1=' ' ind2=' ' tag='852'><subfield code='b'>48UWM_INST</subfield><subfield code='8'>990013981980107411</subfield></datafield><datafield ind1=' ' ind2=' ' tag='852'><subfield code='b'>48FAR_UGD</subfield><subfield code='8'>991007388979708343</subfield></datafield><datafield ind1=' ' ind2=' ' tag='852'><subfield code='b'>48OMNIS_UJA</subfield><subfield code='8'>991016839699905067</subfield></datafield><datafield ind1=' ' ind2=' ' tag='852'><subfield code='b'>48OMNIS_UMKWT</subfield><subfield code='8'>991000331709706926</subfield></datafield><datafield ind1=' ' ind2=' ' tag='852'><subfield code='8'>22593785400005066</subfield><subfield code='j'>1</subfield><subfield code='h'>3.525.046</subfield><subfield code='b'>BN_PL</subfield><subfield code='p'>30001025126479</subfield><subfield code='c'>bk8</subfield></datafield><datafield ind1=' ' ind2=' ' tag='852'><subfield code='b'>48OMNIS_MPL</subfield><subfield code='8'>991000784369705069</subfield></datafield><datafield ind1=' ' ind2=' ' tag='852'><subfield code='8'>22593785440005066</subfield><subfield code='j'>1</subfield><subfield code='h'>3.100.437 A</subfield><subfield code='b'>BN_PL</subfield><subfield code='p'>30001025126486</subfield><subfield code='c'>bk1</subfield></datafield><datafield ind1=' ' ind2=' ' tag='852'><subfield code='b'>48OMNIS_ZNO</subfield><subfield code='8'>991002835699707663</subfield></datafield><datafield ind1=' ' ind2=' ' tag='852'><subfield code='8'>221051220090008831</subfield><subfield code='j'>0</subfield><subfield code='h'>LC213 .H67 2018</subfield><subfield code='b'>5100-BUW</subfield><subfield code='p'>1001148942</subfield><subfield code='c'>10002</subfield><subfield code='z'>LC213 .H67 2018 egz.1; ## rok wyd. : 2018.</subfield></datafield><datafield ind1=' ' ind2=' ' tag='852'><subfield code='8'>2268755380007411</subfield><subfield code='j'>1</subfield><subfield code='b'>BU</subfield><subfield code='p'>AI24732</subfield><subfield code='c'>MAGK</subfield><subfield code='z'>K/833/18</subfield></datafield><datafield ind1=' ' ind2=' ' tag='920'><subfield code='a'>978-83-66107-06-9 (oprawa miękka) : zł 50</subfield></datafield></record>
  </collection>
</resp>
